书目信息 |
| 题名: |
工业企业经营
|
|
| 作者: | 张禹城 编 | |
| 分册: | ||
| 出版信息: | 天津 天津市广播电视中等专业学校 1983 |
|
| 页数: | 302页 | |
| 开本: | 19cm | |
| 丛书名: | ||
| 单 册: | ||
| 中图分类: | F406.11 | |
| 科图分类: | ||
| 主题词: | 工业企业管理 | |
| 电子资源: | ||
| ISBN: | ||
| 000 | 00594nam0 2200217 45 | |
| 001 | 0183002762 | |
| 005 | 20070804173545.60 | |
| 010 | @d[不详] | |
| 100 | @a19950228d1983 em y0chiy0121 ea | |
| 101 | 0 | @achi |
| 102 | @aCN@b120000 | |
| 105 | @ay z 000yy | |
| 200 | 10 | @a工业企业经营@Agong ye qi ye jing ying@f张禹城编@Fzhang yu cheng bian |
| 210 | @a天津@c天津市广播电视中等专业学校@d1983 | |
| 215 | @a302页@d19cm | |
| 606 | @a工业企业管理 | |
| 690 | @aF406.11@v3 | |
| 701 | 0 | @a张禹城@Azhang yu cheng@4编 |
| 801 | 2 | @aCN@bNLC@c20070804 |
| 801 | 0 | @aCN@bTSSF |
| 905 | @a10447@dF406.11@e200 | |
| 工业企业经营/张禹城编.-天津:天津市广播电视中等专业学校,1983 |
| 302页;19cm |
| ISBN :[不详] |
| ● |
| 相关链接 |
|
|
|
|
正题名:工业企业经营
索取号:F406.11/200
 
预约/预借
| 序号 | 登录号 | 条形码 | 馆藏地/架位号 | 状态 | 备注 |
| 1 | 0791439 | 207914391 | 第一样本阅览室/ [索取号:F406.11/200] | 在馆 |